000 00371nam a2200133Ia 4500
008 231129s2004||||xx |||||||||||||| ||spa||
040 _bspa
082 _a378.986126 G216f
100 _aGarcia Ospina Norbey
245 0 _aFacultad de Educacion 50 anos haciendo camino
260 _c2004
264 _aUniversidad de Antioquia; Facultad de Educacion
942 _2ddc
_cBKS
999 _c13855
_d13855